Score 0/36 Timer 03:00
2 Plays Today
% Correct
China
99.4%
Canada
99.4%
Chile
98.9%
Cambodia
98.3%
Costa Rica
97.2%
Chad
96.3%
Colombia
95.2%
Cuba
95.2%
Cairo
94.3%
Canberra
94.3%
Copenhagen
94.3%
California
92%
Cornwall
90.9%
Caracas
90.6%
Cambridgeshire
90.6%
Colorado
90.3%
Charleston
90%
Connecticut
89.2%
% Correct
Caribbean
88.9%
Cheshire
88.3%
Carson City
86.9%
Capricorn
86.6%
Chisinau
85.5%
Chicago
85.2%
Cancer
84.6%
Casablanca
84.3%
Concord
84%
Columbia
84%
Chengdu
81.5%
Cheyenne
81.5%
Chennai
80.9%
Conakry
78.6%
Cumbria
77.8%
Castries
74.9%
Chongquin
73.8%
Cali
69.2%
Remove Ads.
Support Sporcle.
Get the best of Sporcle when you Go Orange. This ad-free experience offers more features, more stats, and more fun while also helping to support Sporcle. Thank you for becoming a member.

You're not logged in!

Compare scores with friends on all Sporcle quizzes.
OR
Log In

Sporcle TV

Today on Sporcle TV


Watch our educational content, quiz creation guides, and fun videos on Sporcle TV.

Show Comments

Extras

Top Quizzes Today


Score Distribution

Paid Content

Your Account Isn't Verified!

In order to create a playlist on Sporcle, you need to verify the email address you used during registration. Go to your Sporcle Settings to finish the process.

Report this User

Report this user for behavior that violates our Community Guidelines.

Details: